000 00721nam a22002297a 4500
005 20170124110055.0
010 _aA-937089
020 _c00.00
_a8171171532
035 _aA-937089
037 _bCen. Lib./Ret.
040 _aDPL
_bEN
082 _a954.03
_bBHA
100 _aBhattacharya, B
_926319
245 _aSikkim :
_cby B. Bhattacharya
_bland and people /
260 _aNew Delhi
_bOmsons publications
_c1997
270 _aT-7, Rajouri Garden
_bNew Delhi
_e110027
300 _av,160p. :
_c22cm(Hb)
500 _aIncludes bibliographical references and index
650 _aTravel
_925007
650 _aSikkim (India) -- Description and travel
_926320
942 _2ddc
_cEN
_h954.63
_mBHA
999 _c129411
_d129411